Matematika II : Určitý integrál. Funkcia viac premenných. Diferenciálne rovnice
Enregistré dans:
| Auteurs principaux: | , |
|---|---|
| Autres auteurs: | , , |
| Format: | Livre |
| Langue: | slovaque |
| Publié: |
Bratislava :
Nakladateľstvo STU,
2012
|
| Édition: | 1. vyd. |
| Sujets: | |
| Tags: |
Pas de tags, Soyez le premier à ajouter un tag!
|
MARC
| LEADER | 00000nam a22000003a 4500 | ||
|---|---|---|---|
| 001 | stu255226 | ||
| 005 | 20230606093534.7 | ||
| 008 | 121004s2012----xo------------------slo-d | ||
| 020 | |a 978-80-227-3784-5 | ||
| 040 | |a STU |b slo | ||
| 041 | 0 | |a slo | |
| 044 | |a xo | ||
| 080 | |a 51 |7 stu_us_auth*stu8333 | ||
| 100 | 1 | |a Vrábeľ, Róbert, |d 1967- |4 aut |u M6000 |9 90 |U MTF Materiálovotechnologická fakulta |T MTF Ústav aplikovanej informatiky, automatizácie a matematiky |X 2758 |U M6000 |Y 86 |7 A000002758 | |
| 245 | 1 | |a Matematika II : |b Určitý integrál. Funkcia viac premenných. Diferenciálne rovnice | |
| 250 | |a 1. vyd. | ||
| 260 | |a Bratislava : |b Nakladateľstvo STU, |c 2012 | ||
| 300 | |a 150 s. |9 6,18 | ||
| 500 | |a rozsah AH 6,18 | ||
| 650 | 7 | |a matematika |2 stusub | |
| 650 | 7 | |a integrál určitý |2 stusub | |
| 650 | 7 | |a rovnice diferenciálne |2 stusub | |
| 700 | 1 | |a Liška, Vladimír, |d 1973- |4 aut |u M6000 |9 10 |U MTF Materiálovotechnologická fakulta |T MTF Ústav aplikovanej informatiky, automatizácie a matematiky |X 1513 |U M6000 |Y 86 |7 A000001513 | |
| 700 | 1 | |a Híc, Pavel |4 rev | |
| 700 | 1 | |a Urbaníková, Marta, |d 1964- |4 rev |u M6000 |U MTF Materiálovotechnologická fakulta |T MTF Ústav aplikovanej informatiky, automatizácie a matematiky |X 240 |U M6000 |Y 86 |7 A000000240 | |
| 700 | 1 | |a Božik, Martin |4 rev | |
| 996 | |b 284M081502 |c M*13291-1 |l MMST |s A |a 24 |w stu255226_0002 | ||
| 996 | |b 284M081503 |c M*13291-2 |l MMKN |s A |a 24 |w stu255226_0003 | ||
| 996 | |b 284M081504 |c M*13291-3 |l MMKN |s A |a 24 |w stu255226_0004 | ||
| 996 | |b 284M081505 |c M*13291-4 |l MMKN |s A |a 24 |w stu255226_0005 | ||
| 996 | |b 284M081506 |c M*13291-5 |l MMKN |s A |a 24 |w stu255226_0006 | ||
| 996 | |b 284M081507 |c M*13291-6 |l MMST |s A |a 24 |w stu255226_0007 | ||
| 996 | |b 284M081508 |c M*13291-7 |l MMKN |s A |a 24 |w stu255226_0008 | ||
| 996 | |b 284M081509 |c M*13291-8 |l MMKN |s A |a 24 |w stu255226_0009 | ||
| 996 | |b 284M081510 |c M*13291-9 |l MMKN |s A |a 24 |w stu255226_0010 | ||
| 996 | |b 284M081511 |c M*13291-10 |l MMKN |s A |a 24 |w stu255226_0011 | ||
| 996 | |b 284M081512 |c M*13291-11 |l MMKN |s A |a 24 |w stu255226_0012 | ||
| 996 | |b 284M081513 |c M*13291-12 |l MMKN |s A |a 24 |w stu255226_0013 | ||
| 996 | |b 284M081514 |c M*13291-13 |l MMKN |s A |a 24 |w stu255226_0014 | ||
| 996 | |b 284M088179 |c M*13291-14 |l MMKN |s A |a 24 |w stu255226_0015 | ||
| 996 | |b 284M081516 |c M*13291-15 |l MMKN |s A |a 24 |w stu255226_0016 | ||
| 996 | |b 284M081517 |c M*13291-16 |l MMKN |s A |a 24 |w stu255226_0017 | ||
| 996 | |b 284M081518 |c M*13291-17 |l MMKN |s A |a 24 |w stu255226_0018 | ||
| 996 | |b 284M081519 |c M*13291-18 |l MMKN |s A |a 24 |w stu255226_0019 | ||
| 996 | |b 284M081520 |c M*13291-19 |l MMKN |s A |a 24 |w stu255226_0020 | ||
| 996 | |b 284M081521 |c M*13291-20 |l MMKN |s A |a 24 |w stu255226_0021 | ||
| 996 | |b 284M081522 |c M*13291-21 |l MMKN |s A |a 24 |w stu255226_0022 | ||
| 996 | |b 284M081523 |c M*13291-22 |l MMKN |s A |a 24 |w stu255226_0023 | ||
| 996 | |b 284M081524 |c M*13291-23 |l MMKN |s A |a 24 |w stu255226_0024 | ||